000 00549nam a22002057a 4500
003 OSt
005 20151202170522.0
008 151202b xxu||||| |||| 00| 0 eng d
020 _a0205359558
040 _cDDC.
082 _a371.10 COO2013
100 _aCopper,J.Pamela;
_96453
245 _aCommunication for the classroom teacher.
250 _a7th ed.
260 _aBoston,New York.
_bA and B,
_c2003
300 _axiii,334p;
_bill:
_c24cm
504 _aIndex and references are included.
650 _aEducation.
_91404
942 _2ddc
_cSLOAN
999 _c2786
_d2786